Gita: Mewari miniature painting (1680-1698) by allah baksh (Record no. 1229396)

MARC details
000 -LEADER
fixed length control field 00725nam a2200229Ia 4500
005 - DATE AND TIME OF LATEST TRANSACTION
control field 20241129111217.0
008 - FIXED-LENGTH DATA ELEMENTS--GENERAL INFORMATION
fixed length control field 241129s9999||||xx |||||||||||||| ||und||
020 ## - INTERNATIONAL STANDARD BOOK NUMBER
International Standard Book Number 978-93-86906-93-9
037 ## - SOURCE OF ACQUISITION
Stock number TB
040 ## - CATALOGING SOURCE
Original cataloging agency CRL
Language of cataloging eng
Transcribing agency CRL
041 ## - LANGUAGE CODE
Language code of text/sound track or separate title eng
Source of code eng
084 ## - COLON CLASSIFICATION NUMBER
Classification number R65,6:g(NQ) Q9
Assigning agency CRL
100 ## - MAIN ENTRY--PERSONAL NAME
Personal name Bhalla Alok Au.; Deval Chandra Prakash Au.
245 #0 - TITLE STATEMENT
Title Gita: Mewari miniature painting (1680-1698) by allah baksh
Statement of responsibility, etc. Bhalla Alok Au.; Deval Chandra Prakash Au.
260 ## - PUBLICATION, DISTRIBUTION, ETC.
Place of publication, distribution, etc. New Delhi, India
Name of publisher, distributor, etc. Niyogi Books
Date of publication, distribution, etc. 2023
300 ## - PHYSICAL DESCRIPTION
Extent 483p.
365 ## - TRADE PRICE
Price type code INR
Price amount 1495
546 ## - LANGUAGE NOTE
Language note Translated from English to Sanskrit
650 ## - SUBJECT ADDED ENTRY--TOPICAL TERM
Topical term or geographic name entry element Bhagavad Gita
942 ## - ADDED ENTRY ELEMENTS (KOHA)
Koha item type Textbook
Classification part R65,6:g(NQ) Q9
Holdings
Withdrawn status Lost status Damaged status Not for loan Home library Current library Date acquired Source of acquisition Cost, normal purchase price Inventory number Total Checkouts Full call number Barcode Date last seen Price effective from Koha item type
        Central Library Central Library 2024-11-29 Knowledge Warehouse 1495.00 3342 & 14/12/2023   R65,6:g(NQ) Q9 CL1680197 2024-11-29 2024-11-29 Textbook
Copyright @ Delhi University Library System